|
|
|
|
| LEADER |
00000nam a2200000 a 4500 |
| 005 |
20111115151821.0 |
| 007 |
cr|||| |||| |
| 008 |
050228s2004 sp |||||| 000 ||spa|c |
| 020 |
|
|
|a 8497725530
|
| 035 |
|
|
|a 5957
|
| 040 |
|
|
|d vLex
|
| 080 |
|
|
|a 35(460)
|
| 090 |
|
|
|c 2773
|d 2773
|
| 100 |
1 |
|
|a Palomar Olmeda, Alberto
|
| 245 |
1 |
3 |
|a El Nuevo papel de la Administracin̤ general del Estado
|h [Recurso electrn̤ico] /
|c Alberto Palomar Olmeda, Francisco de Miguel Pajuelo
|
| 256 |
|
|
|a Servicio en ln̕ea
|
| 260 |
|
|
|a Madrid :
|b Dykinson,
|c [2004]
|
| 300 |
|
|
|a 1 recurso electrn̤ico
|
| 504 |
|
|
|a Incluye bibliografa̕: p.325-337
|
| 506 |
1 |
|
|a Contenido solo disponible en los productos indicados
|d vLex Global
|d vLex Global (Academic Edition, excluding Law Schools)
|d vLex Global (U.S. Academic Edition, Law Schools)
|d vLex Global (U.S. Academic Edition, excluding Law Schools)
|d vLex Global (Academic Edition, Law Schools)
|
| 650 |
0 |
4 |
|a Administracin̤ central
|z Espaą
|
| 650 |
0 |
4 |
|a Administracin̤ pb︢lica
|z Espaą
|
| 650 |
0 |
4 |
|a Administracin̤ pb︢lica
|x Organitzacin̤
|z Espaą
|
| 651 |
|
4 |
|a Espaą
|x Administracin̤ pb︢lica
|
| 700 |
1 |
|
|a Miguel Pajuelo, Francisco de
|
| 740 |
0 |
|
|a vLex Libros (Servicio en ln̕ea)
|
| 856 |
4 |
0 |
|u http://vlex.com/source/nuevo-papel-administracion-general-estado-5957
|z Acceso restringido
|
| 942 |
|
|
|c BOOK
|